000 00254nam a22001217a 4500
008 170421b xxu||||| |||| 00| 0 eng d
041 _aeng
080 _a573
100 _a11
101 _aSHM
245 _aSICKLE CELL
_cBARNHART, M.I
942 _2udc
_cBK
999 _c11491
_d11491